Select documents on Partition of Punjab-1947 : (Record no. 134584)
[ view plain ]
| 000 -LEADER | |
|---|---|
| fixed length control field | 00803nam a22002297a 4500 |
| 005 - DATE AND TIME OF LATEST TRANSACTION | |
| control field | 20170124110230.0 |
| 010 ## - LIBRARY OF CONGRESS CONTROL NUMBER | |
| LC control number | A-459770 |
| 020 ## - INTERNATIONAL STANDARD BOOK NUMBER | |
| Terms of availability | 500.00 |
| International Standard Book Number | 8171161022 |
| 035 ## - SYSTEM CONTROL NUMBER | |
| System control number | A-459770 |
| 037 ## - SOURCE OF ACQUISITION | |
| Source of stock number/acquisition | Cen Lib/Ret |
| 040 ## - CATALOGING SOURCE | |
| Original cataloging agency | DPL |
| Language of cataloging | EN |
| 082 ## - DEWEY DECIMAL CLASSIFICATION NUMBER | |
| Classification number | 954.085 |
| Item number | SEL |
| 245 ## - TITLE STATEMENT | |
| Title | Select documents on Partition of Punjab-1947 : |
| Statement of responsibility, etc | edited by Kirpal Singh |
| Remainder of title | India and Pakistan : Punjab, Haryana, and Himachal-India and Punjab-Pakistan / |
| 260 ## - PUBLICATION, DISTRIBUTION, ETC. (IMPRINT) | |
| Place of publication, distribution, etc | Delhi |
| Name of publisher, distributor, etc | National Book Shop |
| Date of publication, distribution, etc | 1991 |
| 270 ## - ADDRESS | |
| Address | Pleasure Garden Market Chandni Chowk |
| City | Delhi |
| Postal code | 110006 |
| 300 ## - PHYSICAL DESCRIPTION | |
| Extent | Lxxiv, 766p. |
| Dimensions | 24cm(Hb) |
| 500 ## - GENERAL NOTE | |
| General note | Includes index |
| 650 ## - SUBJECT ADDED ENTRY--TOPICAL TERM | |
| Topical term or geographic name as entry element | India--Punjab |
| 9 (RLIN) | 104046 |
| 650 ## - SUBJECT ADDED ENTRY--TOPICAL TERM | |
| Topical term or geographic name as entry element | Partition of Punjab (India : 1947) |
| 9 (RLIN) | 15028 |
| 700 ## - ADDED ENTRY--PERSONAL NAME | |
| Personal name | Kirpal Singh |
| 9 (RLIN) | 14901 |
| 942 ## - ADDED ENTRY ELEMENTS (KOHA) | |
| Source of classification or shelving scheme | Dewey Decimal Classification |
| Koha item type | English Books |
| Classification part | 954.085 |
| Call number suffix | SEL |
| Withdrawn status | Lost status | Damaged status | Not for loan | Collection code | Home library | Current library | Date acquired | Source of acquisition | Cost, normal purchase price | Total Checkouts | Full call number | Barcode | Date last seen | Copy number | Cost, replacement price | Price effective from | Koha item type |
|---|---|---|---|---|---|---|---|---|---|---|---|---|---|---|---|---|---|
| Not For Loan | Reference | Central Library | Central Library | 30/07/2015 | Cen Lib/Ret | 500.00 | 954.085 SEL | A-459770 | 30/07/2015 | 1 | 500.00 | 30/07/2015 | English Books |
